Obras castellanas / (Record no. 179953)

MARC details
000 -LEADER
campo de control de longitud fija 00976nam a2200229 i 4500
001 - NÚMERO DE CONTROL
campo de control 179953
003 - IDENTIFICADOR DE NÚMERO DE CONTROL
campo de control ES-MaACL
005 - FECHA Y HORA DE LA ÚLTIMA TRANSACCIÓN
campo de control 20250823063128.0
008 - DATOS DE LONGITUD FIJA--INFORMACIÓN GENERAL
campo de control de longitud fija 120307m19941997sp | |||| ||spa d
020 ## - NÚMERO INTERNACIONAL ESTÁNDAR DEL LIBRO
Número Internacional Estándar del Libro 84-7506-408-6
080 ## - NÚMERO DE LA CLASIFICACIÓN DECIMAL UNIVERSAL
Número de la Clasificación Decimal Universal 2(081) Luis de Granada (O.P.)
100 0# - ENTRADA PRINCIPAL--NOMBRE DE PERSONA
Nombre de persona Luis de Granada,
Títulos y otros términos asociados al nombre (O.P.),
Fechas asociadas al nombre 1504-1588
9 (RLIN) 74687
245 10 - MENCIÓN DEL TÍTULO
Título Obras castellanas /
Mención de responsabilidad, etc. Fray Luis de Granada ; [edición y prólogo de Cristóbal Cuevas].
260 ## - PUBLICACIÓN, DISTRIBUCIÓN, ETC.
Lugar de publicación, distribución, etc. Madrid :
Nombre del editor, distribuidor, etc. Turner,
Fecha de publicación, distribución, etc. 1994-1997.
300 ## - DESCRIPCIÓN FÍSICA
Extensión 2 v. ;
Dimensiones 23 cm.
490 1# - MENCIÓN DE SERIE
Mención de serie Biblioteca Castro
505 8# - NOTA DE CONTENIDO CON FORMATO
Nota de contenido con formato Contiene: 1. Prólogo galeato. Dos meditaciones. Primera guía de pecadores. Segunda guía de pecadores -- 2. Libro de la oración y meditación. Tratado de la oración y meditación. Recopilación breve del Libro de la oración y meditación
700 0# - ENTRADA AGREGADA--NOMBRE PERSONAL
Nombre de persona Cuevas García, Cristóbal,
Fechas asociadas al nombre 1933-2013
9 (RLIN) 42107
830 0# - PUNTO DE ACCESO ADICIONAL DE SERIE-TÍTULO UNIFORME
Título uniforme Biblioteca Castro
9 (RLIN) 178957
852 ## - LOCALIZACIÓN
Ubicación ES-MaACL
Número de control de estantería L-29819-20
Holdings
Estatus retirado Estado de pérdida Estado de daño No para préstamo Biblioteca de origen Biblioteca actual Ubicación en estantería Fecha de adquisición Fuente de adquisición Total de préstamos Signatura topográfica completa Código de barras Visto por última vez Precio de reemplazo Tipo de ítem Koha
        Biblioteca del Ateneo de Madrid Biblioteca del Ateneo de Madrid Depósito 2 07/03/2012     L-29819-20 1189054 23/02/2023 23/02/2023 Libro impreso